01011nam a2200265Ia 4500003000400000005001700004008004100021020001800062040001800080041000800098082002000106100002300126245009800149250001200247260005600259300002600315650003800341650003100379650003100410650005100441700002100492942002900513999001900542952018400561OSt20220630115026.0210716s2011 xx 000 0 und d a9788122408737 cAIMIT LIBRARY aeng a511.6 23bMITK aMItal, K V.946169 aOptimization methods: boperations research and systems analysis /cBy K V Mital and C Mohan. a3rd ed. aNew Delhi :bNew Age International Pvt Ltd ,c2011. axviii,385p. ;c24 cm. aMathematical preliminaries946170 aLinear programming 946171 aInteger programming946172 aAdditional topics in linear programming946173 aMohan, C.946174 2ddccBKe3rdk511.6 MITK c192020d192020 00102ddc40708MCAaAIMITbAIMITcORd2025-02-12eKnowledge Worldg195.00iBill no:1187; Bill dt:2012-01-27l0o511.6 MITKpMCA11528r2026-05-23 00:00:00v146.25w2021-07-16yBK